000 00481nam a2200193Ia 4500
003 GCL
008 140319s9999 xx 000 0 ara d
040 _aGCL /
_cGCL
082 0 4 _a810.9
_bط ا
100 1 _aطه حسين
245 1 0 _aالوان /
_cطه حسين
260 _a[S.N] :
_bدار المعارف ،
_c1981
300 _a381 ص
490 _a
650 0 4 _aالادب العربى
650 0 4 _aالنقد
650 0 4 _aتاريخ ونقد
942 _2ddc
_cBK
999 _c27545
_d27545